000 00205nam a22000977a 4500
082 _a954 RUS
245 _aRUSSIA'S MARCH TOWARDS INDIA
260 _aLONDON
_bSAMPSON
_c1990
300 _aVOL-2
942 _cBK
999 _c571365
_d571365